LEADER 01177nam a2200265 4500 001 000000352123 003 CaOOAMICUS 005 20221125094326.0 008 221104s2020 it 000 u ita r 040 $aSeMil$bita 100 1 $aRavasi, Gianfranco,$c.$0(OLS)http://semarc/name/244 245 13$aLo Spirito santo nelle Scritture /$cGianfranco Ravasi. 264 1$a[Milano] :$bMondadori,$c2020. 300 $a149 p. ;$c19 cm 490 1 $aConversazioni bibliche con Gianfranco Ravasi ;$v37 500 $aVenduto in abbinamento alle testate periodiche Arnoldo Mondadori 500 $aEdizione speciale per Arnoldo Mondadori 650 4$aSpirito Santo - Concezione biblica.$0(OLS)http://semarc/subject/33913 830 0$aConversazioni bibliche con Gianfranco Ravasi ;$v37.$0(OLS)http://semarc/title/441855 850 $aSeMil 852 $aSeMil$W1$xVenegono$y1$m2Z VII 57$j235516$B243304$CSeMilBibl$Z2$F243304 $81 961 $aVitali Nicolò - Lascito 996 $6245$aLo Spirito santo nelle Scritture$9(OLS)http://semarc/title/441907 996 $6264$a[Milano] :$bMondadori$9(OLS)http://semarc/publisher/29662 LEADER 01230nam a2200277 i 4500 001 000000074738 003 CaOOAMICUS 005 20120430000000.0 008 120430s1988 xx u000 u fre u 013 $a45910 020 $a2-7189-0362-7 040 $aSeMil$bita 100 1 $aBrossier, François.$0(OLS)http://semarc/name/15720 245 10$aCatéchismes, mémoire d'un temps :$b1687. Les manuels diocésains de Paris et de Meaux (Bossuet) /$cpar F. Brossier ... [et al.] ; préface de P. Colin. 260 $aParis :$bDesclée,$c1988. 300 $a157 p. ;$c22 cm. 490 0 $aCahiers ;$v1 650 4$aCatechesi - Storia.$0(OLS)http://semarc/subject/6302 700 1 $aColin, Pierre <1923-2009>.$0(OLS)http://semarc/name/37001 830 0$aCahiers ;$v1.$0(OLS)http://semarc/title/25590 850 $aSeMil 852 $aSeMil$W1$xVenegono$y1$m2D IV 226$j40890$B40890$CSeMilBibl$Z2$F40894 $81 961 $aOmaggio: Donazione 996 $6020$a2-7189-0362-7$9(OLS)http://semarc/number/55031 996 $6245$aCatéchismes, mémoire d'un temps :$b1687. Les manuels diocésains de Paris et de Meaux (Bossuet)$9(OLS)http://semarc/title/121197 996 $6260$aParis :$bDesclée$9(OLS)http://semarc/publisher/29855